[Event "April 9 Early 2024"]
[Site "Chess.com"]
[Date "2024.04.09"]
[Round "8"]
[White "Koshulyan, Egor A."]
[Black "Krishnan, Ritvik"]
[Result "0-1"]
[Board "80"]
[WhiteFideId "24237000"]
[BlackFideId "45055297"]
[WhiteTitle "CM"]
[BlackTitle "FM"]
[WhiteElo "2717"]
[BlackElo "2558"]
[WhiteTeam "RUS"]
[BlackTeam "IND"]
[WhiteClock "0:00:30"]
[BlackClock "0:00:26"]
[Variant "Standard"]

1. f4 {[%clk 0:03:00]}  d5 {[%clk 0:02:56]} 2. Nf3 {[%clk 0:03:01]}  Nf6 {[%clk 0:02:57]} 3. g3 {[%clk 0:03:01]}  g6 {[%clk 0:02:57]} 4. Bg2 {[%clk 0:03:02]}  Bg7 {[%clk 0:02:58]} 5. O-O {[%clk 0:03:03]}  O-O {[%clk 0:02:58]} 6. d3 {[%clk 0:03:04]}  c5 {[%clk 0:02:58]} 7. Nc3 {[%clk 0:03:04]}  d4 {[%clk 0:02:55]} 8. Ne4 {[%clk 0:03:05]}  Nc6 {[%clk 0:02:54]} 9. Nxc5 {[%clk 0:03:04]}  Qd6 {[%clk 0:02:40]} 10. Nb3 {[%clk 0:02:57]}  a5 {[%clk 0:02:37]} 11. e4 {[%clk 0:02:31]}  dxe3 {[%clk 0:02:35]} 12. Bxe3 {[%clk 0:02:32]}  Ng4 {[%clk 0:02:11]} 13. Bc5 {[%clk 0:02:31]}  Qc7 {[%clk 0:02:11]} 14. h3 {[%clk 0:02:31]}  b6 {[%clk 0:02:08]} 15. hxg4 {[%clk 0:02:28]}  bxc5 {[%clk 0:02:08]} 16. g5 {[%clk 0:02:28]}  Qb6 {[%clk 0:02:04]} 17. Kh2 {[%clk 0:02:18]}  a4 {[%clk 0:01:59]} 18. Nbd2 {[%clk 0:02:18]}  Qxb2 {[%clk 0:01:52]} 19. Rb1 {[%clk 0:02:17]}  Qxa2 {[%clk 0:01:51]} 20. Ne5 {[%clk 0:02:10]}  Nxe5 {[%clk 0:01:48]} 21. Bxa8 {[%clk 0:02:07]}  Ng4+ {[%clk 0:01:48]} 22. Kg1 {[%clk 0:02:05]}  Ne3 {[%clk 0:01:48]} 23. Qc1 {[%clk 0:01:56]}  Nxf1 {[%clk 0:01:45]} 24. Nxf1 {[%clk 0:01:57]}  Bd4+ {[%clk 0:01:38]} 25. Kh1 {[%clk 0:01:57]}  Be6 {[%clk 0:01:37]} 26. Be4 {[%clk 0:01:46]}  Bd5 {[%clk 0:01:37]} 27. c3 {[%clk 0:01:33]}  Bxc3 {[%clk 0:01:22]} 28. f5 {[%clk 0:01:14]}  gxf5 {[%clk 0:01:18]} 29. Bxd5 {[%clk 0:01:04]}  Qxd5+ {[%clk 0:01:19]} 30. Kh2 {[%clk 0:01:04]}  Bd4 {[%clk 0:01:13]} 31. Rb6 {[%clk 0:01:01]}  Qf3 {[%clk 0:01:04]} 32. Rh6 {[%clk 0:01:02]}  a3 {[%clk 0:00:53]} 33. g6 {[%clk 0:00:52]}  hxg6 {[%clk 0:00:48]} 34. Rh4 {[%clk 0:00:48]}  Bf6 {[%clk 0:00:32]} 35. Ra4 {[%clk 0:00:47]}  Qe2+ {[%clk 0:00:27]} 36. Kh3 {[%clk 0:00:30]}  a2 {[%clk 0:00:26]} 0-1

[Event "April 9 Early 2024"]
[Site "Chess.com"]
[Date "2024.04.09"]
[Round "8"]
[White "Nigalidze, Gaioz"]
[Black "Bournel, Antoine"]
[Result "1-0"]
[Board "81"]
[WhiteFideId "13603078"]
[BlackFideId "26093553"]
[WhiteTitle "IM"]
[BlackTitle "IM"]
[WhiteElo "2717"]
[BlackElo "2562"]
[WhiteTeam "GEO"]
[BlackTeam "FRA"]
[WhiteClock "0:00:04"]
[BlackClock "0:00:00"]
[Variant "Standard"]

1. d4 {[%clk 0:03:00]}  Nf6 {[%clk 0:02:59]} 2. c4 {[%clk 0:03:00]}  e6 {[%clk 0:02:59]} 3. Nc3 {[%clk 0:03:01]}  Bb4 {[%clk 0:02:58]} 4. f3 {[%clk 0:03:01]}  c5 {[%clk 0:02:45]} 5. d5 {[%clk 0:03:01]}  d6 {[%clk 0:02:42]} 6. e4 {[%clk 0:03:01]}  O-O {[%clk 0:02:41]} 7. Bd3 {[%clk 0:03:00]}  b5 {[%clk 0:02:40]} 8. Ne2 {[%clk 0:02:58]}  exd5 {[%clk 0:02:37]} 9. cxd5 {[%clk 0:02:55]}  a6 {[%clk 0:02:36]} 10. Be3 {[%clk 0:02:47]}  Nbd7 {[%clk 0:02:33]} 11. O-O {[%clk 0:02:46]}  Ne5 {[%clk 0:02:28]} 12. Kh1 {[%clk 0:02:47]}  Ba5 {[%clk 0:02:15]} 13. Rc1 {[%clk 0:02:44]}  b4 {[%clk 0:02:04]} 14. Nb1 {[%clk 0:02:38]}  Nxd3 {[%clk 0:01:59]} 15. Qxd3 {[%clk 0:02:37]}  Nd7 {[%clk 0:01:57]} 16. Bf4 {[%clk 0:02:33]}  Qe7 {[%clk 0:01:53]} 17. a4 {[%clk 0:02:10]}  Ne5 {[%clk 0:01:44]} 18. Bxe5 {[%clk 0:02:06]}  Qxe5 {[%clk 0:01:45]} 19. Nd2 {[%clk 0:02:06]}  Bc7 {[%clk 0:01:31]} 20. Nd4 {[%clk 0:01:50]}  Bd7 {[%clk 0:01:21]} 21. Nc6 {[%clk 0:01:24]}  Qe8 {[%clk 0:01:15]} 22. Nc4 {[%clk 0:01:16]}  Bxc6 {[%clk 0:01:04]} 23. dxc6 {[%clk 0:01:17]}  Qxc6 {[%clk 0:01:05]} 24. b3 {[%clk 0:01:17]}  f5 {[%clk 0:00:59]} 25. Ne3 {[%clk 0:01:13]}  fxe4 {[%clk 0:00:58]} 26. fxe4 {[%clk 0:01:14]}  Rae8 {[%clk 0:00:53]} 27. Nd5 {[%clk 0:00:59]}  Bd8 {[%clk 0:00:49]} 28. Qc4 {[%clk 0:00:56]}  Kh8 {[%clk 0:00:48]} 29. Nxb4 {[%clk 0:00:46]}  Qb7 {[%clk 0:00:35]} 30. Nd5 {[%clk 0:00:41]}  Bg5 {[%clk 0:00:35]} 31. Rcd1 {[%clk 0:00:37]}  h6 {[%clk 0:00:33]} 32. g3 {[%clk 0:00:30]}  Rb8 {[%clk 0:00:31]} 33. Rxf8+ {[%clk 0:00:12]}  Rxf8 {[%clk 0:00:32]} 34. Kg2 {[%clk 0:00:13]}  Rb8 {[%clk 0:00:28]} 35. Rd3 {[%clk 0:00:12]}  Qc6 {[%clk 0:00:16]} 36. h4 {[%clk 0:00:11]}  Bd8 {[%clk 0:00:16]} 37. Rf3 {[%clk 0:00:11]}  Qe8 {[%clk 0:00:13]} 38. Nf4 {[%clk 0:00:08]}  Bf6 {[%clk 0:00:12]} 39. h5 {[%clk 0:00:07]}  Kh7 {[%clk 0:00:10]} 40. Qd5 {[%clk 0:00:07]}  Rb4 {[%clk 0:00:09]} 41. Qf5+ {[%clk 0:00:06]}  Kg8 {[%clk 0:00:09]} 42. Nd5 {[%clk 0:00:06]}  Qxe4 {[%clk 0:00:07]} 43. Qxe4 {[%clk 0:00:05]}  Rxe4 {[%clk 0:00:06]} 44. Rxf6 {[%clk 0:00:06]}  Rd4 {[%clk 0:00:01]} 45. Rxd6 {[%clk 0:00:06]}  Kf7 {[%clk 0:00:00]} 46. Kf3 {[%clk 0:00:04]} 1-0

[Event "April 9 Early 2024"]
[Site "Chess.com"]
[Date "2024.04.09"]
[Round "8"]
[White "Perez Gormaz, Matias"]
[Black "Hernando Rodrigo, Julio Antonio"]
[Result "1-0"]
[Board "83"]
[WhiteFideId "3406342"]
[BlackFideId "2208350"]
[WhiteTitle "IM"]
[BlackTitle "IM"]
[WhiteElo "2677"]
[BlackElo "2553"]
[WhiteTeam "CHI"]
[BlackTeam "ESP"]
[WhiteClock "0:00:41"]
[BlackClock "0:00:12"]
[Variant "Standard"]

1. Nf3 {[%clk 0:03:00]}  d5 {[%clk 0:02:54]} 2. g3 {[%clk 0:03:01]}  e6 {[%clk 0:02:54]} 3. Bg2 {[%clk 0:03:01]}  Nf6 {[%clk 0:02:55]} 4. O-O {[%clk 0:03:01]}  Be7 {[%clk 0:02:55]} 5. d4 {[%clk 0:03:02]}  O-O {[%clk 0:02:56]} 6. c4 {[%clk 0:03:03]}  c6 {[%clk 0:02:55]} 7. Nc3 {[%clk 0:03:02]}  a5 {[%clk 0:02:53]} 8. Qd3 {[%clk 0:02:59]}  Na6 {[%clk 0:02:49]} 9. e4 {[%clk 0:02:48]}  Nb4 {[%clk 0:02:45]} 10. Qe2 {[%clk 0:02:48]}  dxc4 {[%clk 0:02:38]} 11. Qxc4 {[%clk 0:02:48]}  b6 {[%clk 0:02:35]} 12. Rd1 {[%clk 0:02:37]}  Ba6 {[%clk 0:02:34]} 13. Qb3 {[%clk 0:02:38]}  Nd3 {[%clk 0:01:53]} 14. Ne5 {[%clk 0:02:29]}  Nxe5 {[%clk 0:01:41]} 15. dxe5 {[%clk 0:02:30]}  Nd7 {[%clk 0:01:42]} 16. Be3 {[%clk 0:02:28]}  Qc7 {[%clk 0:01:38]} 17. Rac1 {[%clk 0:02:21]}  Bc5 {[%clk 0:01:35]} 18. Na4 {[%clk 0:02:12]}  Bxe3 {[%clk 0:01:32]} 19. Qxe3 {[%clk 0:02:13]}  c5 {[%clk 0:01:27]} 20. Rxd7 {[%clk 0:02:04]}  Qxd7 {[%clk 0:01:27]} 21. Nxb6 {[%clk 0:02:04]}  Qd4 {[%clk 0:01:22]} 22. Qxd4 {[%clk 0:02:01]}  cxd4 {[%clk 0:01:23]} 23. Nxa8 {[%clk 0:02:01]}  Rxa8 {[%clk 0:01:24]} 24. Bf1 {[%clk 0:01:58]}  d3 {[%clk 0:01:19]} 25. Rd1 {[%clk 0:01:50]}  Rd8 {[%clk 0:01:16]} 26. f3 {[%clk 0:01:41]}  a4 {[%clk 0:01:12]} 27. Kf2 {[%clk 0:01:40]}  Rb8 {[%clk 0:01:06]} 28. Rd2 {[%clk 0:01:39]}  Kf8 {[%clk 0:01:05]} 29. Ke3 {[%clk 0:01:38]}  Bc4 {[%clk 0:01:00]} 30. a3 {[%clk 0:01:11]}  Rb3 {[%clk 0:00:58]} 31. Kd4 {[%clk 0:01:11]}  Ba6 {[%clk 0:00:54]} 32. h4 {[%clk 0:01:02]}  Ke7 {[%clk 0:00:53]} 33. f4 {[%clk 0:00:58]}  h5 {[%clk 0:00:52]} 34. Ke3 {[%clk 0:00:52]}  g6 {[%clk 0:00:49]} 35. Kd4 {[%clk 0:00:53]}  Bb5 {[%clk 0:00:37]} 36. Bg2 {[%clk 0:00:47]}  Ba6 {[%clk 0:00:34]} 37. Bf3 {[%clk 0:00:47]}  Bb5 {[%clk 0:00:29]} 38. Bd1 {[%clk 0:00:41]}  Kd7 {[%clk 0:00:12]} 1-0

[Event "April 9 Early 2024"]
[Site "Chess.com"]
[Date "2024.04.09"]
[Round "8"]
[White "Santos Flores, Alberto"]
[Black "Arabidze, Meri"]
[Result "0-1"]
[Board "84"]
[WhiteFideId "3601234"]
[BlackFideId "13604040"]
[WhiteTitle "IM"]
[BlackTitle "IM"]
[WhiteElo "2549"]
[BlackElo "2677"]
[WhiteTeam "ECU"]
[BlackTeam "GEO"]
[WhiteClock "0:01:02"]
[BlackClock "0:01:41"]
[Variant "Standard"]

1. e4 {[%clk 0:02:59]}  c5 {[%clk 0:03:00]} 2. Nf3 {[%clk 0:02:55]}  e6 {[%clk 0:03:00]} 3. g3 {[%clk 0:02:55]}  d5 {[%clk 0:02:59]} 4. exd5 {[%clk 0:02:55]}  exd5 {[%clk 0:03:00]} 5. d4 {[%clk 0:02:55]}  cxd4 {[%clk 0:03:01]} 6. Nxd4 {[%clk 0:02:55]}  Nc6 {[%clk 0:02:59]} 7. Bg2 {[%clk 0:02:55]}  Bc5 {[%clk 0:02:59]} 8. c3 {[%clk 0:02:53]}  Qe7+ {[%clk 0:02:42]} 9. Be3 {[%clk 0:02:51]}  Nxd4 {[%clk 0:02:36]} 10. cxd4 {[%clk 0:02:51]}  Bb4+ {[%clk 0:02:37]} 11. Nc3 {[%clk 0:02:51]}  Nf6 {[%clk 0:02:36]} 12. O-O {[%clk 0:02:50]}  Bxc3 {[%clk 0:02:36]} 13. bxc3 {[%clk 0:02:50]}  O-O {[%clk 0:02:36]} 14. Bg5 {[%clk 0:02:43]}  Be6 {[%clk 0:02:35]} 15. Qf3 {[%clk 0:02:42]}  Rac8 {[%clk 0:02:31]} 16. Rfc1 {[%clk 0:02:37]}  Rc7 {[%clk 0:02:22]} 17. Rab1 {[%clk 0:02:28]}  b6 {[%clk 0:02:20]} 18. Rb5 {[%clk 0:02:24]}  Rfc8 {[%clk 0:02:16]} 19. Bxf6 {[%clk 0:02:21]}  Qxf6 {[%clk 0:02:12]} 20. Qxf6 {[%clk 0:02:18]}  gxf6 {[%clk 0:02:12]} 21. Bxd5 {[%clk 0:02:11]}  Rxc3 {[%clk 0:02:12]} 22. Rxc3 {[%clk 0:02:10]}  Rxc3 {[%clk 0:02:13]} 23. Bb3 {[%clk 0:01:32]}  Bxb3 {[%clk 0:02:00]} 24. axb3 {[%clk 0:01:28]}  Rd3 {[%clk 0:02:00]} 25. d5 {[%clk 0:01:25]}  Kf8 {[%clk 0:01:58]} 26. Kf1 {[%clk 0:01:25]}  Ke7 {[%clk 0:01:58]} 27. Ke2 {[%clk 0:01:26]}  Rc3 {[%clk 0:01:54]} 28. Kd2 {[%clk 0:01:22]}  Rf3 {[%clk 0:01:51]} 29. Ke2 {[%clk 0:01:12]}  Rc3 {[%clk 0:01:51]} 30. Kd2 {[%clk 0:01:11]}  Rc8 {[%clk 0:01:48]} 31. Kd3 {[%clk 0:01:09]}  Kd6 {[%clk 0:01:48]} 32. Kd4 {[%clk 0:01:06]}  Rc2 {[%clk 0:01:48]} 33. f4 {[%clk 0:01:04]}  Rxh2 {[%clk 0:01:47]} 34. Rb4 {[%clk 0:01:05]}  f5 {[%clk 0:01:43]} 35. Rc4 {[%clk 0:01:04]}  Rd2+ {[%clk 0:01:41]} 36. Kc3 {[%clk 0:01:04]}  Rxd5 {[%clk 0:01:41]} 37. Rc8 {[%clk 0:01:05]}  Rc5+ {[%clk 0:01:41]} 38. Kd3 {[%clk 0:01:02]}  Rxc8 {[%clk 0:01:41]} 0-1

[Event "April 9 Early 2024"]
[Site "Chess.com"]
[Date "2024.04.09"]
[Round "8"]
[White "Skatchkov, Valery"]
[Black "Schoorl, Rob"]
[Result "1/2-1/2"]
[Board "85"]
[WhiteFideId "24195812"]
[BlackFideId "1009508"]
[WhiteTitle "FM"]
[BlackTitle "FM"]
[WhiteElo "2671"]
[BlackElo "2537"]
[WhiteTeam "RUS"]
[BlackTeam "NED"]
[WhiteClock "0:03:07"]
[BlackClock "0:02:39"]
[Variant "Standard"]

1. d4 {[%clk 0:03:00]}  Nf6 {[%clk 0:02:59]} 2. c4 {[%clk 0:03:01]}  g6 {[%clk 0:02:59]} 3. Nf3 {[%clk 0:03:01]}  c5 {[%clk 0:02:59]} 4. d5 {[%clk 0:03:01]}  Bg7 {[%clk 0:02:59]} 5. Nc3 {[%clk 0:03:01]}  O-O {[%clk 0:02:59]} 6. e4 {[%clk 0:03:02]}  d6 {[%clk 0:03:00]} 7. h3 {[%clk 0:03:03]}  e6 {[%clk 0:03:00]} 8. Be2 {[%clk 0:03:03]}  exd5 {[%clk 0:02:59]} 9. exd5 {[%clk 0:03:04]}  Bf5 {[%clk 0:02:47]} 10. O-O {[%clk 0:03:02]}  Ne4 {[%clk 0:02:47]} 11. Nxe4 {[%clk 0:03:00]}  Bxe4 {[%clk 0:02:48]} 12. Bd3 {[%clk 0:03:00]}  Bxf3 {[%clk 0:02:47]} 13. Qxf3 {[%clk 0:03:01]}  Nd7 {[%clk 0:02:46]} 14. Bf4 {[%clk 0:03:01]}  Ne5 {[%clk 0:02:46]} 15. Bxe5 {[%clk 0:03:02]}  Bxe5 {[%clk 0:02:45]} 16. Rae1 {[%clk 0:03:02]}  Qf6 {[%clk 0:02:42]} 17. Qxf6 {[%clk 0:03:01]}  Bxf6 {[%clk 0:02:43]} 18. b3 {[%clk 0:03:02]}  Rfe8 {[%clk 0:02:43]} 19. g3 {[%clk 0:03:03]}  Kf8 {[%clk 0:02:42]} 20. Kg2 {[%clk 0:03:03]}  Rxe1 {[%clk 0:02:41]} 21. Rxe1 {[%clk 0:03:04]}  Re8 {[%clk 0:02:42]} 22. Rxe8+ {[%clk 0:03:04]}  Kxe8 {[%clk 0:02:43]} 23. Kf3 {[%clk 0:03:04]}  h5 {[%clk 0:02:42]} 24. a4 {[%clk 0:03:05]}  a5 {[%clk 0:02:42]} 25. Ke4 {[%clk 0:03:05]}  Ke7 {[%clk 0:02:41]} 26. Bf1 {[%clk 0:03:06]}  Bd4 {[%clk 0:02:41]} 27. f4 {[%clk 0:03:05]}  f5+ {[%clk 0:02:40]} 28. Kf3 {[%clk 0:03:06]}  Kf6 {[%clk 0:02:40]} 29. Bd3 {[%clk 0:03:05]}  Bc3 {[%clk 0:02:39]} 30. g4 {[%clk 0:03:06]}  hxg4+ {[%clk 0:02:39]} 31. hxg4 {[%clk 0:03:07]}  fxg4+ {[%clk 0:02:39]} 32. Kxg4 {[%clk 0:03:07]} 1/2-1/2

[Event "April 9 Early 2024"]
[Site "Chess.com"]
[Date "2024.04.09"]
[Round "8"]
[White "Begunov, Konstantin"]
[Black "Adireddy Arjun"]
[Result "0-1"]
[Board "87"]
[WhiteFideId "4118510"]
[BlackFideId "25647709"]
[WhiteTitle "FM"]
[BlackTitle "FM"]
[WhiteElo "2538"]
[BlackElo "2666"]
[WhiteTeam "RUS"]
[BlackTeam "IND"]
[WhiteClock "0:00:00"]
[BlackClock "0:00:21"]
[Variant "Standard"]

1. d4 {[%clk 0:03:00]}  d5 {[%clk 0:02:59]} 2. c4 {[%clk 0:03:00]}  c6 {[%clk 0:02:58]} 3. Nc3 {[%clk 0:03:01]}  Nf6 {[%clk 0:02:58]} 4. cxd5 {[%clk 0:03:01]}  cxd5 {[%clk 0:02:58]} 5. Bf4 {[%clk 0:03:02]}  e6 {[%clk 0:02:59]} 6. e3 {[%clk 0:03:03]}  Bd6 {[%clk 0:02:59]} 7. Bg5 {[%clk 0:03:03]}  O-O {[%clk 0:02:57]} 8. Bd3 {[%clk 0:03:03]}  Nc6 {[%clk 0:02:56]} 9. Nf3 {[%clk 0:03:03]}  h6 {[%clk 0:02:56]} 10. Bh4 {[%clk 0:03:03]}  Be7 {[%clk 0:02:57]} 11. O-O {[%clk 0:03:03]}  a6 {[%clk 0:02:57]} 12. Qe2 {[%clk 0:03:02]}  b5 {[%clk 0:02:58]} 13. a4 {[%clk 0:03:03]}  b4 {[%clk 0:02:58]} 14. Na2 {[%clk 0:03:03]}  Bb7 {[%clk 0:02:58]} 15. Nc1 {[%clk 0:03:01]}  Na5 {[%clk 0:02:56]} 16. Ne5 {[%clk 0:03:02]}  Rc8 {[%clk 0:02:56]} 17. Bxa6 {[%clk 0:02:56]}  Bxa6 {[%clk 0:02:48]} 18. Qxa6 {[%clk 0:02:57]}  g5 {[%clk 0:02:48]} 19. Bg3 {[%clk 0:02:54]}  Ne4 {[%clk 0:02:48]} 20. f3 {[%clk 0:02:18]}  Nd2 {[%clk 0:02:34]} 21. Re1 {[%clk 0:02:02]}  Ra8 {[%clk 0:02:18]} 22. Qe2 {[%clk 0:01:50]}  Ndb3 {[%clk 0:02:11]} 23. Ra2 {[%clk 0:01:42]}  Rc8 {[%clk 0:01:52]} 24. Nxb3 {[%clk 0:01:37]}  Nxb3 {[%clk 0:01:53]} 25. Qd1 {[%clk 0:01:17]}  Na5 {[%clk 0:01:45]} 26. b3 {[%clk 0:01:13]}  Rc3 {[%clk 0:01:44]} 27. Rb2 {[%clk 0:01:10]}  Qc8 {[%clk 0:01:38]} 28. Qb1 {[%clk 0:01:02]}  Bf6 {[%clk 0:01:35]} 29. Nd3 {[%clk 0:00:57]}  Qb7 {[%clk 0:01:29]} 30. Rd1 {[%clk 0:00:51]}  Rfc8 {[%clk 0:01:26]} 31. Be1 {[%clk 0:00:50]}  R3c7 {[%clk 0:01:15]} 32. Bxb4 {[%clk 0:00:47]}  Nc6 {[%clk 0:01:14]} 33. Bc5 {[%clk 0:00:46]}  Na5 {[%clk 0:01:13]} 34. Bb4 {[%clk 0:00:28]}  Nc6 {[%clk 0:01:11]} 35. Bd2 {[%clk 0:00:26]}  Qa6 {[%clk 0:01:02]} 36. Nc5 {[%clk 0:00:23]}  Qb6 {[%clk 0:01:02]} 37. b4 {[%clk 0:00:23]}  Nxd4 {[%clk 0:01:02]} 38. exd4 {[%clk 0:00:20]}  Bxd4+ {[%clk 0:01:03]} 39. Kh1 {[%clk 0:00:19]}  Bxb2 {[%clk 0:01:01]} 40. a5 {[%clk 0:00:15]}  Qb5 {[%clk 0:00:58]} 41. Qxb2 {[%clk 0:00:11]}  Rxc5 {[%clk 0:00:58]} 42. Qf6 {[%clk 0:00:10]}  Qe2 {[%clk 0:00:53]} 43. Rg1 {[%clk 0:00:10]}  Rc2 {[%clk 0:00:47]} 44. Be1 {[%clk 0:00:05]}  Qd3 {[%clk 0:00:41]} 45. Qxh6 {[%clk 0:00:05]}  Qf5 {[%clk 0:00:34]} 46. Bg3 {[%clk 0:00:04]}  Rb2 {[%clk 0:00:30]} 47. h4 {[%clk 0:00:04]}  Rxb4 {[%clk 0:00:26]} 48. hxg5 {[%clk 0:00:03]}  Ra4 {[%clk 0:00:22]} 49. Rb1 {[%clk 0:00:02]}  Qxb1+ {[%clk 0:00:20]} 50. Kh2 {[%clk 0:00:02]}  Qg6 {[%clk 0:00:21]} 51. Qh3 {[%clk 0:00:00]}  Qxg5 {[%clk 0:00:21]} 0-1

[Event "April 9 Early 2024"]
[Site "Chess.com"]
[Date "2024.04.09"]
[Round "8"]
[White "Ganzhurov, Roman"]
[Black "Gelman, Alexander"]
[Result "0-1"]
[Board "88"]
[WhiteFideId "4179501"]
[BlackFideId "4118316"]
[WhiteTitle "FM"]
[BlackTitle "IM"]
[WhiteElo "2519"]
[BlackElo "2657"]
[WhiteTeam "RUS"]
[BlackTeam "RUS"]
[WhiteClock "0:00:00"]
[BlackClock "0:00:04"]
[Variant "Standard"]

1. d4 {[%clk 0:02:46]}  Nf6 {[%clk 0:02:59]} 2. c4 {[%clk 0:02:47]}  c5 {[%clk 0:02:59]} 3. d5 {[%clk 0:02:47]}  b5 {[%clk 0:02:59]} 4. cxb5 {[%clk 0:02:46]}  a6 {[%clk 0:03:00]} 5. e3 {[%clk 0:02:46]}  e6 {[%clk 0:02:59]} 6. Nc3 {[%clk 0:02:46]}  exd5 {[%clk 0:02:59]} 7. Nxd5 {[%clk 0:02:43]}  Bb7 {[%clk 0:03:00]} 8. Nc3 {[%clk 0:02:41]}  Be7 {[%clk 0:02:58]} 9. Nf3 {[%clk 0:02:41]}  O-O {[%clk 0:02:58]} 10. a4 {[%clk 0:02:40]}  d5 {[%clk 0:02:57]} 11. bxa6 {[%clk 0:02:37]}  Nxa6 {[%clk 0:02:56]} 12. Bb5 {[%clk 0:02:37]}  Nc7 {[%clk 0:02:55]} 13. O-O {[%clk 0:02:37]}  Bd6 {[%clk 0:02:48]} 14. Bd2 {[%clk 0:02:29]}  Qe7 {[%clk 0:02:48]} 15. Re1 {[%clk 0:02:28]}  Rad8 {[%clk 0:02:45]} 16. Qc2 {[%clk 0:02:27]}  Ne4 {[%clk 0:02:41]} 17. Bd3 {[%clk 0:01:50]}  f5 {[%clk 0:02:40]} 18. Nb5 {[%clk 0:01:49]}  Nxb5 {[%clk 0:02:37]} 19. axb5 {[%clk 0:01:49]}  Bb8 {[%clk 0:02:35]} 20. Bc3 {[%clk 0:01:48]}  g5 {[%clk 0:02:26]} 21. Nd2 {[%clk 0:01:34]}  Rd6 {[%clk 0:02:19]} 22. f3 {[%clk 0:01:33]}  Rh6 {[%clk 0:02:09]} 23. Nf1 {[%clk 0:01:33]}  g4 {[%clk 0:01:55]} 24. f4 {[%clk 0:01:14]}  d4 {[%clk 0:01:43]} 25. exd4 {[%clk 0:01:09]}  Bxf4 {[%clk 0:01:43]} 26. Bc4+ {[%clk 0:00:52]}  Kg7 {[%clk 0:01:39]} 27. d5+ {[%clk 0:00:53]}  Kg6 {[%clk 0:01:39]} 28. g3 {[%clk 0:00:49]}  Bd6 {[%clk 0:01:33]} 29. Nd2 {[%clk 0:00:45]}  Rxh2 {[%clk 0:01:27]} 30. Rxe4 {[%clk 0:00:42]}  fxe4 {[%clk 0:01:17]} 31. Qxe4+ {[%clk 0:00:33]}  Qxe4 {[%clk 0:01:16]} 32. Nxe4 {[%clk 0:00:34]}  Bxg3 {[%clk 0:01:03]} 33. Nxg3 {[%clk 0:00:30]}  Rff2 {[%clk 0:01:03]} 34. Be5 {[%clk 0:00:16]}  Rd2 {[%clk 0:00:46]} 35. Re1 {[%clk 0:00:05]}  Rhf2 {[%clk 0:00:39]} 36. b6 {[%clk 0:00:04]}  h5 {[%clk 0:00:35]} 37. Bf1 {[%clk 0:00:02]}  Bxd5 {[%clk 0:00:32]} 38. Ne4 {[%clk 0:00:02]}  Bxe4 {[%clk 0:00:24]} 39. Rxe4 {[%clk 0:00:03]}  Kf5 {[%clk 0:00:25]} 40. Re1 {[%clk 0:00:03]}  Rxb2 {[%clk 0:00:19]} 41. Bxb2 {[%clk 0:00:03]}  Rxb2 {[%clk 0:00:20]} 42. Rc1 {[%clk 0:00:03]}  Rxb6 {[%clk 0:00:18]} 43. Rxc5+ {[%clk 0:00:04]}  Kg6 {[%clk 0:00:18]} 44. Bd3+ {[%clk 0:00:04]}  Kh6 {[%clk 0:00:18]} 45. Kg2 {[%clk 0:00:04]}  Rb2+ {[%clk 0:00:18]} 46. Bc2 {[%clk 0:00:05]}  h4 {[%clk 0:00:17]} 47. Kh2 {[%clk 0:00:04]}  Ra2 {[%clk 0:00:16]} 48. Kg2 {[%clk 0:00:05]}  Rb2 {[%clk 0:00:17]} 49. Kf2 {[%clk 0:00:06]}  Ra2 {[%clk 0:00:17]} 50. Ke3 {[%clk 0:00:06]}  h3 {[%clk 0:00:14]} 51. Kf2 {[%clk 0:00:06]}  Ra3 {[%clk 0:00:13]} 52. Bd1 {[%clk 0:00:04]}  g3+ {[%clk 0:00:12]} 53. Kg1 {[%clk 0:00:03]}  Ra1 {[%clk 0:00:06]} 54. Rd5 {[%clk 0:00:03]}  Kg6 {[%clk 0:00:06]} 55. Kf1 {[%clk 0:00:02]}  Kf6 {[%clk 0:00:05]} 56. Ke1 {[%clk 0:00:01]}  h2 {[%clk 0:00:04]} 57. Rh5 {[%clk 0:00:00]}  g2 {[%clk 0:00:04]} 0-1

[Event "April 9 Early 2024"]
[Site "Chess.com"]
[Date "2024.04.10"]
[Round "8"]
[White "Kozlov, Gennady"]
[Black "Silvederio, John Michael Britanico"]
[Result "0-1"]
[Board "89"]
[WhiteFideId "4191668"]
[BlackFideId "5248302"]
[WhiteTitle "FM"]
[WhiteElo "2651"]
[BlackElo "2531"]
[WhiteTeam "ESP"]
[BlackTeam "PHI"]
[WhiteClock "0:00:11"]
[BlackClock "0:00:10"]
[Variant "Standard"]

1. b3 {[%clk 0:02:04]}  d6 {[%clk 0:02:59]} 2. Bb2 {[%clk 0:02:04]}  Nd7 {[%clk 0:03:00]} 3. e3 {[%clk 0:02:04]}  Ngf6 {[%clk 0:03:01]} 4. f4 {[%clk 0:02:05]}  g6 {[%clk 0:03:01]} 5. Nf3 {[%clk 0:02:05]}  Bg7 {[%clk 0:03:02]} 6. Be2 {[%clk 0:02:05]}  O-O {[%clk 0:03:03]} 7. O-O {[%clk 0:02:06]}  b6 {[%clk 0:03:03]} 8. a4 {[%clk 0:02:06]}  a6 {[%clk 0:03:03]} 9. Na3 {[%clk 0:02:05]}  Bb7 {[%clk 0:03:03]} 10. Qe1 {[%clk 0:02:05]}  e5 {[%clk 0:02:59]} 11. fxe5 {[%clk 0:02:04]}  Ng4 {[%clk 0:02:58]} 12. h3 {[%clk 0:02:01]}  Ngxe5 {[%clk 0:02:58]} 13. Nxe5 {[%clk 0:02:02]}  Nxe5 {[%clk 0:02:57]} 14. Rb1 {[%clk 0:02:02]}  Qg5 {[%clk 0:02:48]} 15. Qf2 {[%clk 0:02:00]}  f5 {[%clk 0:02:37]} 16. Bxe5 {[%clk 0:01:59]}  dxe5 {[%clk 0:02:29]} 17. Bf3 {[%clk 0:01:58]}  e4 {[%clk 0:02:28]} 18. Be2 {[%clk 0:01:57]}  Be5 {[%clk 0:02:27]} 19. Bc4+ {[%clk 0:01:56]}  Kh8 {[%clk 0:02:25]} 20. c3 {[%clk 0:01:51]}  Rad8 {[%clk 0:02:15]} 21. Nc2 {[%clk 0:01:50]}  Rd6 {[%clk 0:01:51]} 22. Nd4 {[%clk 0:01:49]}  Qe7 {[%clk 0:01:46]} 23. b4 {[%clk 0:01:46]}  Rfd8 {[%clk 0:01:41]} 24. b5 {[%clk 0:01:45]}  a5 {[%clk 0:01:35]} 25. Bb3 {[%clk 0:01:36]}  Rf8 {[%clk 0:01:21]} 26. Bc2 {[%clk 0:01:19]}  Rdd8 {[%clk 0:01:15]} 27. Rbe1 {[%clk 0:01:15]}  Bd6 {[%clk 0:01:12]} 28. Kh1 {[%clk 0:01:14]}  Qe5 {[%clk 0:01:09]} 29. Qg1 {[%clk 0:01:09]}  Rde8 {[%clk 0:01:02]} 30. Ne2 {[%clk 0:00:59]}  c5 {[%clk 0:00:56]} 31. Nf4 {[%clk 0:00:58]}  Qg7 {[%clk 0:00:45]} 32. Re2 {[%clk 0:00:47]}  Qh6 {[%clk 0:00:39]} 33. Ref2 {[%clk 0:00:46]}  g5 {[%clk 0:00:28]} 34. Ne2 {[%clk 0:00:42]}  f4 {[%clk 0:00:28]} 35. Nc1 {[%clk 0:00:23]}  Rf6 {[%clk 0:00:22]} 36. Nb3 {[%clk 0:00:20]}  Ref8 {[%clk 0:00:20]} 37. exf4 {[%clk 0:00:19]}  gxf4 {[%clk 0:00:20]} 38. Qh2 {[%clk 0:00:18]}  f3 {[%clk 0:00:16]} 39. g3 {[%clk 0:00:18]}  Rg8 {[%clk 0:00:11]} 40. Rg1 {[%clk 0:00:17]}  Rfg6 {[%clk 0:00:12]} 41. d4 {[%clk 0:00:11]}  Rxg3 {[%clk 0:00:11]} 42. Rxg3 {[%clk 0:00:11]}  Bxg3 {[%clk 0:00:11]} 43. dxc5 {[%clk 0:00:11]}  Bxh2 {[%clk 0:00:10]} 44. Kxh2 {[%clk 0:00:12]}  Qf4+ {[%clk 0:00:10]} 45. Kh1 {[%clk 0:00:11]}  Qg3 {[%clk 0:00:10]} 0-1